000 00407nam a22001457a 4500
005 20200619153247.0
008 200619b xxu||||| |||| 00| 0 eng d
082 _a345.4 LIC
110 _aALL INDIA REPORTE
_96245
245 _aLABOUR AND INDUSTRIAL CASES [1979 ] LAB I C V -II PART - II
260 _aMUMBAI
_bALL INDIA REPORTER Pvt. Ltd
_c1979
300 _a1440p.
650 _aLAW
_95701
942 _cJRL
999 _c7339
_d7337